Verše, ktoré pri poslednej počestnosti v Pánu zosnulého Michala Šimonoviča...

Bibliographic Details
Main Author: Bodnár, Július, 1870-1935 (Author)
Format: Book
Language:Undetermined
PhysicalDescription:16 s.
Published: Myjava [S. l.] 1919

MARC

LEADER 00000nam a2200000 a 4500
001 vtls001395531
003 SK-MaSNL
005 20260301011841.0
008 240316s1919 xx 0 und
035 |a SNK000349890 
040 |a SNK  |b slo  |c SNK  |e AACR2 
100 1 |a Bodnár, Július,  |d 1870-1935  |4 aut  |9 86006 
245 1 |a Verše, ktoré pri poslednej počestnosti v Pánu zosnulého Michala Šimonoviča... 
260 |a Myjava  |b [S. l.]  |c 1919 
300 |a 16 s. 
999 |c 552016  |d 553946 
952 |t P60, <04>, [BOOK], {604}  |a SNK  |b SNK  |y VYP  |7 0  |p 17A0250331  |o snkSD 29123 D1  |0 0  |1 0  |4 0  |d 2000-09-06  |l 0  |r 2005-01-02 00:00:00  |w 2026-02-23 
952 |a SNK  |b SNK  |y PREZ  |7 0  |p 17A0796714  |o snkSD 29123   |0 0  |1 0  |4 0  |d 2013-08-07  |l 0  |r 2026-02-23 13:13:27  |w 2026-02-23